MCU Villains - Statistics

General Stats
  • This quiz has been taken 808 times
    208 since last reset
  • The average score is 45 of 83
Answer Stats
Movie/TV Show Actor Villain % Correct
Captain America: Brave New World (2025) Harrison Ford President Thunderbolt Ross/Red Hulk
89%
The Incredible Hulk (2008) Tim Roth Emil Blonsky/Abomination
87%
Thor (2011) Tom Hiddleston Loki
87%
The Avengers (2012) Tom Hiddleston Loki
87%
Thor: The Dark World (2013) Tom Hiddleston Loki
87%
Captain America: The First Avenger (2011) Hugo Weaving Johann Schmidt/Red Skull
83%
Captain America: The Winter Soldier (2014) Sebastian Stan Bucky Barnes/The Winter Soldier
82%
Avengers: Infinity War (2018) Josh Brolin Thanos
82%
Avengers: Endgame (2019) Josh Brolin Thanos
82%
Avengers: Age of Ultron (2015) James Spader Ultron
82%
Iron Man (2008) Jeff Bridges Obadiah Stane/Iron Monger
81%
Captain America: Civil War (2016) Robert Downey Jr. Tony Stark/Iron Man
81%
WandaVision (2021) Elizabeth Olsen Wanda Maximoff/Scarlet Witch
76%
Thor: Ragnarok (2017) Cate Blanchett Hela
75%
Iron Man 2 (2010) Mickey Rourke Ivan Vanko/Whiplash
75%
Spider-Man: Far From Home (2019) Jake Gyllenhaal Quentin Beck/Mysterio
75%
Guardians of the Galaxy Vol. 2 (2017) Kurt Russell Ego the Living Planet
74%
Spider-Man: Homecoming (2017) Michael Keaton Adrian Toomes/The Vulture
73%
Iron Man 3 (2013) Guy Pearce Aldrich Killian/The Mandarin
72%
Spider-Man: No Way Home (2021) Willem Dafoe Norman Osborn/Green Goblin
72%
Doctor Strange in the Multiverse of Madness (2022) Elizabeth Olsen Wanda Maximoff/Scarlet Witch
72%
Loki (2021) Jonathan Majors He Who Remains
70%
Ant-Man and The Wasp: Quantumania (2023) Jonathan Majors Kang the Conqueror
70%
Spider-Man: No Way Home (2021) Jamie Foxx Maxwell Dillon/Electro
70%
Black Panther (2018) Michael B. Jordan N’Jadaka/Erik Killmonger
70%
Iron Man 3 (2013) Ben Kingsley Trevor Slattery/The Mandarin
70%
Avengers: Doomsday (2026) Robert Downey Jr. Victor von Doom/Doctor Doom
70%
Avengers: Secret Wars (2027) Robert Downey Jr. Victor von Doom/Doctor Doom
70%
Shang-Chi and The Legend of The Ten Rings (2021) Tony Leung Wenwu/The Mandarin
70%
Ant-Man and The Wasp (2018) Hannah John-Kamen Ava Starr/Ghost
68%
Spider-Man: No Way Home (2021) Thomas Haden Church Flint Marko/Sandman
68%
Guardians of the Galaxy (2014) Lee Pace Ronan the Accuser
67%
Doctor Strange (2016) Benedict Cumberbatch Dormammu
66%
Guardians of the Galaxy (2014) Karen Gillan Nebula
66%
Captain America: Civil War (2016) Daniel Brühl Baron Zemo
65%
WandaVision (2021) Kathryn Hahn Agatha Harkness
64%
Ant-Man (2015) Corey Stoll Darren Cross/Yellowjacket
64%
Spider-Man: No Way Home (2021) Rhys Ifans Curtis Connors/Lizard
63%
Black Widow (2021) Olga Kurylenko Antonia Dreykov/Taskmaster
62%
The Fantastic Four: First Steps (2025) Ralph Einsen Galactus
61%
Thor: Love and Thunder (2022) Christian Bale Gorr the God Butcher
61%
Iron Man 2 (2010) Sam Rockwell Justin Hammer
61%
Thor: The Dark World (2013) Christopher Eccleston Malekith the Accursed
60%
Black Panther: Wakanda Forever (2022) Tenoch Huerta Namor the Submariner
60%
Thunderbolts* (2025) Lewis Pullman Robert Reynolds/Sentry
58%
Doctor Strange (2016) Mads Mikkelsen Kaecilius
53%
Hawkeye (2021) Vincent D’Onofrio Wilson Fisk/Kingpin
53%
Guardians of the Galaxy Vol. 3 (2023) Will Poulter Adam Warlock
51%
The Falcon and The Winter Soldier (2021) Wyatt Russell John Walker/US Agent
51%
Hawkeye (2021) Florence Pugh Yelena Belova
50%
Guardians of the Galaxy Vol. 3 (2023) Chukwudi Iwuji High Evolutionary
49%
Eternals (2021) Richard Madden Ikaris
49%
Ant-Man and The Wasp: Quantumania (2023) Corey Stoll Darren Cross/M.O.D.O.K.
48%
Thor: Ragnarok (2017) Clancy Brown Surtur
48%
Captain America: The Winter Soldier (2014) Robert Redford Alexander Pierce
47%
Captain America: The First Avenger (2011) Toby Jones Arnim Zola
47%
Black Panther (2018) Andy Serkis Ulysses “Klaw” Klaue
47%
Thunderbolts* (2025) Julia Louis-Dreyfus Valentina Allegra de Fontaine
45%
Captain America: Brave New World (2025) Tim Blake Nelson Samuel Sterns/The Leader
44%
Deadpool & Wolverine (2024) Emma Corrin Cassandra Nova
41%
Black Widow (2021) Ray Winstone Dreykov
39%
Hawkeye (2021) Alaqua Cox Maya Lopez/Echo
37%
Guardians of the Galaxy Vol. 2 (2017) Chris Sullivan Taserface
37%
The Falcon and The Winter Soldier (2021) Erin Kellyman Karli Morgenthau/The Flag-Smasher
36%
Guardians of the Galaxy Vol. 2 (2017) Elizabeth Debicki Ayesha
34%
Captain Marvel (2019) Jude Law Yon-Rogg
32%
Eternals (2021) David Kaye Arishem
26%
Ant-Man and The Wasp (2018) Laurence Fishburne Bill Foster
26%
Loki (2021) Tara Strong Miss Minutes
26%
Eternals (2021) Bill Skarsgård Kro
25%
The Marvels (2023) Zawe Ashton Dar-Benn
24%
Moon Knight (2022) Ethan Hawke Arthur Harrow
23%
She Hulk: Attorney at Law (2022) Jameela Jamil Titania
20%
Deadpool & Wolverine (2024) Matthew Macfayden Mr. Paradox
19%
Secret Invasion (2023) Kingsley Ben-Adir Gravik
15%
Moon Knight (2022) Saba Mubarak Ammit
14%
Hawkeye (2021) Vera Farmiga Eleanor Bishop
12%
The Incredible Hulk (2008) William Hurt General Thunderbolt Ross
12%
She-Hulk: Attorney at Law (2022) Jon Bass Todd Phelps/HulkKing
12%
Werewolf By Night (2022) Harriet Sansom Harris Verusa Bloodstone
12%
Loki (2021) Gugu Mbatha-Raw Ravonna Renslayer
11%
Ms. Marvel (2022) Nimra Bucha Najma
5%
Ms. Marvel (2022) Alysia Reiner Agent Deaver
3%
No matching quizzes found
Score Distribution
Percent of People with Each Score
Percentile by Number Answered
Your Score History
You have not taken this quiz since the last reset